Rennes Goalkeeper By Year - Statistics

General Stats
  • This quiz has been taken 154 times
    8 since last reset
  • The average score is 8 of 60
Answer Stats
Season Goalkeeper % Correct
2019-20 Edouard Mendy
75%
2024-25 Steve Mandanda
75%
2023-24 Steve Mandanda
75%
2022-23 Steve Mandanda
75%
2021-22 Alfred Gomis
50%
2020-21 Alfred Gomis
50%
2025-26 Brice Samba
38%
2016-17 Benoît Costil
25%
2015-16 Benoît Costil
25%
2014-15 Benoît Costil
25%
2013-14 Benoît Costil
25%
2012-13 Benoît Costil
25%
2011-12 Benoît Costil
25%
2003-04 Petr Čech
25%
2002-03 Petr Čech
25%
2018-19 Tomáš Koubek
25%
2017-18 Tomáš Koubek
25%
2005-06 Andreas Isaksson
13%
2004-05 Andreas Isaksson
13%
2000-01 Bernard Lama
13%
2007-08 Simon Pouplin
13%
2006-07 Simon Pouplin
13%
1961-62 Bernard Josse
0%
1999-00 Christophe Revault
0%
1998-99 Christophe Revault
0%
1974-75 Daniel Bernard
0%
1973-74 Daniel Bernard
0%
1972-73 Daniel Bernard
0%
2001-02 Éric Durand
0%
1965-66 Georges Lamia
0%
1964-65 Georges Lamia
0%
1968-69 Gilbert Robin
0%
1967-68 Gilbert Robin
0%
1966-67 Gilbert Robin
0%
1994-95 Gilles Rousset
0%
1996-97 Goran Pandurović
0%
1995-96 Goran Pandurović
0%
1950-51 Guy Rouxel
0%
1959-60 Jacques Rouillé
0%
1958-59 Jacques Rouillé
0%
1963-64 Jean-Claude D'Arménia
0%
1962-63 Jean-Claude D'Arménia
0%
1960-61 Louis Ferry
0%
1956-57 Louis Pinat
0%
1952-53 Louis Pinat
0%
1951-52 Louis Pinat
0%
1971-72 Marcel Aubour
0%
1970-71 Marcel Aubour
0%
1969-70 Marcel Aubour
0%
2010-11 Nicolas Douchez
0%
2009-10 Nicolas Douchez
0%
2008-09 Nicolas Douchez
0%
1991-92 Pascal Rousseau
0%
2007-08 Patrice Luzi
0%
1990-91 Pierrick Hiard
0%
1986-87 Pierrick Hiard
0%
1985-86 Pierrick Hiard
0%
1983-84 Pierrick Hiard
0%
1976-77 Pierrick Hiard
0%
1997-98 Tony Heurtebis
0%
No matching quizzes found
Score Distribution
Percent of People with Each Score
Percentile by Number Answered
Your Score History
You have not taken this quiz since the last reset